<?xml version="1.0" encoding="UTF-8"?>
<marc:record xmlns:marc="http://www.loc.gov/MARC21/slim">
   <marc:leader>00000nam a2200000 a 4500</marc:leader>
   <marc:datafield ind1="1" ind2=" " tag="100">
      <marc:subfield code="a">Hédervári-Heller, Éva</marc:subfield>
      <marc:subfield code="4">aut</marc:subfield>
      <marc:subfield code="e">Verfasser/-in</marc:subfield>
   </marc:datafield>
   <marc:datafield ind1=" " ind2=" " tag="653">
      <marc:subfield code="a">Kleinkind</marc:subfield>
   </marc:datafield>
   <marc:datafield ind1=" " ind2=" " tag="653">
      <marc:subfield code="a">Kinderpsychologie</marc:subfield>
   </marc:datafield>
   <marc:datafield ind1=" " ind2=" " tag="653">
      <marc:subfield code="a">Affektive Bindung</marc:subfield>
   </marc:datafield>
   <marc:datafield ind1=" " ind2=" " tag="653">
      <marc:subfield code="a">Regulationsstörung</marc:subfield>
   </marc:datafield>
   <marc:datafield ind1="0" ind2="0" tag="245">
      <marc:subfield code="a">Emotionen und Bindung bei Kleinkindern</marc:subfield>
   </marc:datafield>
   <marc:datafield ind1="0" ind2="0" tag="245">
      <marc:subfield code="b">Entwicklung verstehen und Störungen behandeln</marc:subfield>
   </marc:datafield>
   <marc:datafield ind1="0" ind2="0" tag="245">
      <marc:subfield code="c">Éva Hédervári-Heller</marc:subfield>
   </marc:datafield>
   <marc:datafield ind1=" " ind2="1" tag="264">
      <marc:subfield code="a">Weinheim</marc:subfield>
      <marc:subfield code="b">Beltz</marc:subfield>
      <marc:subfield code="c">2011</marc:subfield>
   </marc:datafield>
   <marc:datafield ind1="1" ind2=" " tag="490">
      <marc:subfield code="a">Frühpädagogik</marc:subfield>
   </marc:datafield>
   <marc:datafield ind1="1" ind2=" " tag="520">
      <marc:subfield code="a">Angaben aus der Verlagsmeldung

Emotionen und Bindung bei Kleinkindern : Entwicklung verstehen und Störungen behandeln / von Éva Hedervari-Heller

Kleinkinder sind noch nicht in der Lage, sprachlich auszudrücken, wie es ihnen geht. Störungen des Wohlbefindens äußern sich deshalb in Form von exzessivem Schreien, Fütter- und Gedeihstörungen oder Schlafproblemen.

Wissenschaftlich fundiert und verständlich aufbereitet beschreibt das Buch die Gefühlswelt des Kleinkindes und vermittelt ein besseres Verständnis für psychische Konflikte und deren Behandlungsmöglichkeiten im Säuglings- und Kleinkindalter. Erzieher/innen erhalten so das notwendige Wissen, um Eltern kompetent zu beraten.

Der integrative Ansatz der Frühprävention und Frühintervention berücksichtigt die traditionellen psychoanalytischen und modernen entwicklungspsychologischen Theorien.

• Erstes störungsübergreifendes Lehrbuch
• Ein Grundlagenwerk für Fachleute und Studierende.
• Auf der Grundlage der Bindungstheorie
</marc:subfield>
   </marc:datafield>
   <marc:datafield ind1=" " ind2=" " tag="020">
      <marc:subfield code="a">9783407627360</marc:subfield>
      <marc:subfield code="9">9783407627360</marc:subfield>
   </marc:datafield>
   <marc:datafield ind1=" " ind2=" " tag="041">
      <marc:subfield code="a">ger</marc:subfield>
   </marc:datafield>
   <marc:datafield ind1=" " ind2=" " tag="300">
      <marc:subfield code="a">172 S.</marc:subfield>
   </marc:datafield>
</marc:record>
